In famiglia, ma soli (Record n. 360736)

Dettagli MARC
000 -LEADER
campo di controllo lung. fissa 00523nam a22001937a 4500
003 - Identificatore del numero di controllo
campo di controllo IT-MiCISF
005 - Data e orario dell'ultima transazione
campo di controllo 20260320195422.0
008 - Elementi di lunghezza fissa--Informazione generale
campo di controllo lung. fissa 260320b |||||||| |||| 00| 0 eng d
040 ## - Fonte della catalogazione
Agenzia che fa la trascrizione IT-MiCISF
100 ## - Accesso principale -- nome di persona
Nome di persona Cozzaglio Giacomo
9 (RLIN) 61078
245 ## - Formulazione del titolo
Titolo In famiglia, ma soli
250 ## - Formulazione di edizione
Formulazione di edizione "Il Segno", n. 1, gennaio
260 ## - Pubblicazione, distribuzione, ecc. (stampa)
Data di pubblicazione, distribuzione, ecc. 2026
300 ## - Descrizione fisica
Estensione pp. 24-31
500 ## - Nota generale
Nota generale famiglia-unipersonale, statistica, famiglia-urbana, servizi-sociali, chiesa
650 ## - Accesso aggiunto di soggetto--termine topico
Termine topico o nome geografico come accesso Popolazione
654 ## - Accesso aggiunto di soggetto--termini topici faccettati
Termine principale articolo
942 ## - Dati aggiuntivi (Koha)
Fonte della classificazione o dello schema di collocazione (segnatura) Dewey Decimal Classification
Tipo copia default (Koha) RIVISTA
Dati di copia
Ritirato (status) Perso (status) Fonte della classificazione o dello schema di collocazione (segnatura) Danneggiato (status) Non per il presito Biblioteca proprietaria Biblioteca in cui si trova Data d'acquisizione Totale prestiti Collocazione Data ultima operazione Prezzo in vigore dal Tipo copia default (Koha)
    Dewey Decimal Classification Buone Condizioni Not For Loan CISF - Milano CISF - Milano 20/03/2026   DG123 20/03/2026 20/03/2026 RIVISTA
CREDITS: SOCIETA' SAN PAOLO Via A.Severo, 58 - ROMA (RM) & PERIODICI SAN PAOLO SRL Via Giotto, 36 MILANO & CISF Via Giotto, 36 MILANO & EDIZIONI SAN PAOLO SRL,  Piazza Soncino, 5 CINISELLO BALSAMO (MI) -- ITALY